Music Quiz

Random Music or Album Quiz

7 to 1: Rolling Stone's All-Time Greatest Albums Quiz Stats

 Plays Quiz Updated Jan 15, 2018

Challenge
Share
Tweet
Embed
Score 0/28 Timer 05:00
0 Plays Today
% Correct
Abbey Road
99.1%
A Hard Day's Night
97.8%
Sgt. Pepper's Lonely Hearts Club Band
97.8%
Let It Be
97.8%
Help!
95.8%
Purple Rain
94.8%
Hotel California
93%
The Joshua Tree
91.7%
Revolver
91.6%
Rubber Soul
86.4%
Highway 61 Revisited
86.4%
Achtung Baby
86%
1999
85.8%
Blood on the Tracks
78.9%
% Correct
Blonde on Blonde
74.8%
War
73.4%
Sign 'O' The Times
63.3%
Time Out of Mind
61.4%
All That You Can't Leave Behind
61.2%
Modern Times
60.9%
Boy
60%
Blue
59.7%
My Aim Is True
55.7%
Dirty Mind
54.7%
This Years Model
47.7%
Armed Forces
47%
Desire
41.1%
Court and Spark
40%

You're not logged in!

Compare scores with friends on all Sporcle quizzes.
Join for Free
OR
Log In

You Might Also Like...

Show Comments

Extras

Top Quizzes Today


Score Distribution

Your Account Isn't Verified!

In order to create a playlist on Sporcle, you need to verify the email address you used during registration. Go to your Sporcle Settings to finish the process.

Report this User

Report this user for behavior that violates our Community Guidelines.

Details: